00406nam a22001457a 450000500170000000800410001702000150005804100120007308200120008510000120009724500520010926000450016130000290020665000250023520240925081528.0240925b |||||||| |||| 00| 0 eng d a0409004359 aEnglish a349 JOU lEnglish aThe Law of South Africa / cedited by JA Faris  aDurban: bButterworth Publishers, c1996 bxx, 558 pages; c26 cm.  aLegal practice bLaw